[Event "Carnaval"]
[Site "Quebec CAN"]
[Date "2001.02.10"]
[Round "3"]
[White "Marcone, Malcom"]
[Black "Fortier, Marc-Andre"]
[Result "0-1"]
[WhiteElo "1963"]
[BlackElo "2129"]
[PlyCount "106"]
[GameId "2160767911610478"]
[EventDate "2001.02.09"]
[EventType "swiss"]
[EventRounds "5"]
[EventCountry "CAN"]
[SourceTitle "EXT 2005"]
[Source "ChessBase"]
[SourceDate "2004.11.15"]
[SourceVersion "1"]
[SourceVersionDate "2004.11.15"]
[SourceQuality "1"]

1. Nf3 f5 2. g3 Nf6 3. Bg2 d6 4. d4 g6 5. c3 Bg7 6. Qb3 e6 7. Ng5 d5 8. O-O O-O 9. h4 Nc6 10. Rd1 h6 11. Nh3 Ne4 12. Nd2 a5 13. a4 Ra6 14. Nxe4 fxe4 15. Be3 Ne7 16. c4 Rb6 17. Qa2 Nf5 18. cxd5 Nxe3 19. fxe3 exd5 20. Nf4 Kh8 21. Qxd5 Qxd5 22. Nxd5 Rxb2 23. Bxe4 Rxe2 24. Nf4 Rxf4 25. gxf4 Rxe3 26. Re1 Bxd4 27. Kg2 Kg7 28. Rxe3 Bxe3 29. Kf3 Bd4 30. Rb1 b6 31. Rd1 Bc5 32. Rd8 Be6 33. h5 gxh5 34. f5 Bb3 35. Rd7+ Kf6 36. Rxc7 Bxa4 37. Rh7 Ke5 38. Bb1 Bd1+ 39. Kg3 h4+ 40. Kxh4 Kf4 41. Kh3 Bg4+ 42. Kh2 h5 43. f6 Kg5 44. f7 Be6 45. Bd3 a4 46. Be2 Bd6+ 47. Kg1 a3 48. Rxh5+ Kg6 49. Re5 Bxf7 50. Bh5+ Kf6 51. Rf5+ Kxf5 52. Bxf7 Ke4 53. Kf2 Kd3 0-1

[Event "Carnaval"]
[Site "Quebec CAN"]
[Date "2001.02.10"]
[Round "3"]
[White "Pnevmonidis, Pantelis"]
[Black "Audet-Bouchard, Nicolas"]
[Result "0-1"]
[WhiteElo "2166"]
[BlackElo "1923"]
[PlyCount "49"]
[GameId "2160767911610479"]
[EventDate "2001.02.09"]
[EventType "swiss"]
[EventRounds "5"]
[EventCountry "CAN"]
[SourceTitle "EXT 2005"]
[Source "ChessBase"]
[SourceDate "2004.11.15"]
[SourceVersion "1"]
[SourceVersionDate "2004.11.15"]
[SourceQuality "1"]

1. d4 Nf6 2. c4 e6 3. Nc3 Bb4 4. Qc2 c5 5. dxc5 Nc6 6. Nf3 O-O 7. Bf4 Bxc5 8. e3 a6 9. Be2 d5 10. O-O dxc4 11. Bxc4 b5 12. Be2 Qb6 13. a3 Bb7 14. Rac1 Be7 15. Rfd1 Rfd8 16. Rxd8+ Rxd8 17. Ne1 Nd5 18. Nxd5 Rxd5 19. b4 Rd8 20. Bf3 Rc8 21. Nd3 e5 22. Nxe5 Nxe5 23. Qxc8+ Bxc8 24. Rxc8+ Bf8 25. Bc6 0-1

[Event "Carnaval"]
[Site "Quebec CAN"]
[Date "2001.02.10"]
[Round "3"]
[White "Rouleau, Paul"]
[Black "Belanger, Jacques"]
[Result "0-1"]
[WhiteElo "1889"]
[BlackElo "2055"]
[PlyCount "88"]
[GameId "2160767911610480"]
[EventDate "2001.02.09"]
[EventType "swiss"]
[EventRounds "5"]
[EventCountry "CAN"]
[SourceTitle "EXT 2005"]
[Source "ChessBase"]
[SourceDate "2004.11.15"]
[SourceVersion "1"]
[SourceVersionDate "2004.11.15"]
[SourceQuality "1"]

1. e4 c5 2. c3 d5 3. exd5 Qxd5 4. d4 Nc6 5. Nf3 Bg4 6. Be2 cxd4 7. cxd4 e6 8. O-O Nf6 9. h3 Bh5 10. Nc3 Qa5 11. Bb5 Bb4 12. Qd3 O-O 13. Bxc6 bxc6 14. Ne5 Bxc3 15. bxc3 c5 16. Be3 cxd4 17. Bxd4 Nd5 18. c4 Nf4 19. Qe3 Ne2+ 20. Kh1 Nxd4 21. Qxd4 Rfd8 22. Qe3 Qd2 23. Nc6 Qxe3 24. fxe3 Rd6 25. Nd4 e5 26. Nb5 Rc6 27. Rfc1 a6 28. a4 Be2 29. Na3 Rac8 30. Rab1 g6 31. Rb4 Rd8 32. Rb2 Bd3 33. c5 Rdc8 34. Rb3 e4 35. Rbc3 f5 36. Kg1 Kf7 37. Nc4 Bxc4 38. Rxc4 Ke6 39. Kf2 a5 40. g3 Rb8 41. R1c2 Rb1 42. Rd2 Rb4 43. Rc3 Rxa4 44. Rb2 Rb4 0-1

[Event "Carnaval"]
[Site "Quebec CAN"]
[Date "2001.02.10"]
[Round "3"]
[White "Simard, Francois"]
[Black "Bourassa, Andre"]
[Result "0-1"]
[WhiteElo "1906"]
[BlackElo "1549"]
[PlyCount "88"]
[GameId "2160767911610483"]
[EventDate "2001.02.09"]
[EventType "swiss"]
[EventRounds "5"]
[EventCountry "CAN"]

1. d4 Nf6 2. c4 e6 3. Nc3 d5 4. Bg5 Be7 5. Nf3 c6 6. e3 O-O 7. Bd3 dxc4 8. Bxc4 h6 9. Bh4 Nbd7 10. O-O Nd5 11. Bxe7 Qxe7 12. Rc1 b6 13. a3 Bb7 14. Qd3 Rfe8 15. Nxd5 exd5 16. Ba6 Nf6 17. Rc2 Rad8 18. Rfc1 Rd6 19. b4 Ne4 20. Bxb7 Qxb7 21. Ne5 Ree6 22. b5 c5 23. Qb3 f6 24. Nc6 c4 25. Qa4 a5 26. f3 Ng5 27. e4 dxe4 28. f4 Nf7 29. f5 Re8 30. Qxc4 Qd7 31. g4 Kh7 32. h4 Rd5 33. a4 h5 34. Qe2 hxg4 35. Nxa5 Rxf5 36. Rc7 Qxd4+ 37. Kh1 Nh6 38. R1c4 Qa1+ 39. Kg2 e3 40. Nb3 Qb1 41. Nd2 exd2 42. Qxe8 Qf1+ 43. Kh2 Qh3+ 44. Kg1 Rf1# 0-1

[Event "Carnaval"]
[Site "Quebec CAN"]
[Date "2001.02.11"]
[Round "4"]
[White "Bannon, Eric"]
[Black "Ouellet-Leveille, Clement"]
[Result "1-0"]
[WhiteElo "2028"]
[BlackElo "1897"]
[PlyCount "37"]
[GameId "2160767911610484"]
[EventDate "2001.02.09"]
[EventType "swiss"]
[EventRounds "5"]
[EventCountry "CAN"]
[SourceTitle "EXT 2005"]
[Source "ChessBase"]
[SourceDate "2004.11.15"]
[SourceVersion "1"]
[SourceVersionDate "2004.11.15"]
[SourceQuality "1"]

1. e4 e5 2. Nf3 Nf6 3. Nc3 Bb4 4. Bc4 Nc6 5. Nd5 d6 6. Nxb4 Nxb4 7. c3 Nc6 8. d3 O-O 9. Bg5 Qe7 10. O-O Nd8 11. Nh4 b5 12. Bb3 Be6 13. f4 Bxb3 14. axb3 h6 15. fxe5 Qxe5 16. Bxf6 gxf6 17. Nf5 Qc5+ 18. d4 Qb6 19. Qg4+ 1-0

[Event "Carnaval"]
[Site "Quebec CAN"]
[Date "2001.02.11"]
[Round "4"]
[White "Bourassa, Andre"]
[Black "Pilote, Guillaume"]
[Result "1/2-1/2"]
[WhiteElo "1549"]
[BlackElo "1821"]
[PlyCount "73"]
[GameId "2160767911610485"]
[EventDate "2001.02.09"]
[EventType "swiss"]
[EventRounds "5"]
[EventCountry "CAN"]

1. d4 Nf6 2. c4 g6 3. Nc3 Bg7 4. e4 d6 5. Bd3 O-O 6. Nge2 c5 7. d5 e6 8. O-O exd5 9. exd5 Na6 10. a3 Nc7 11. Rb1 Bg4 12. f3 Bc8 13. Qc2 b5 14. b3 b4 15. axb4 cxb4 16. Ne4 Nfe8 17. Be3 f5 18. Nf2 Nf6 19. Nd4 Bd7 20. Qd2 Re8 21. Nc2 a5 22. Bd4 Na6 23. Ne1 Qc7 24. Qb2 Rf8 25. Nh3 Nc5 26. Bc2 Rf7 27. Nf4 Re8 28. Ned3 Nb7 29. Rfe1 Ref8 30. Ne6 Bxe6 31. Rxe6 Nd8 32. Re2 Re8 33. Rbe1 Rxe2 34. Rxe2 Re7 35. Bd1 Ne8 36. Rxe7 Qxe7 37. Kf1 1/2-1/2

[Event "Carnaval"]
[Site "Quebec CAN"]
[Date "2001.02.11"]
[Round "5"]
[White "Bannon, Eric"]
[Black "Beaulieu, Eric"]
[Result "0-1"]
[WhiteElo "2028"]
[BlackElo "2207"]
[PlyCount "48"]
[GameId "2160767911610489"]
[EventDate "2001.02.09"]
[EventType "swiss"]
[EventRounds "5"]
[EventCountry "CAN"]
[SourceTitle "EXT 2005"]
[Source "ChessBase"]
[SourceDate "2004.11.15"]
[SourceVersion "1"]
[SourceVersionDate "2004.11.15"]
[SourceQuality "1"]

1. e4 c5 2. Nf3 e6 3. d4 cxd4 4. Nxd4 a6 5. Nc3 Qc7 6. Be2 Nf6 7. O-O Nc6 8. a4 h5 9. Nxc6 bxc6 10. f4 Bc5+ 11. Kh1 d6 12. Bf3 e5 13. fxe5 dxe5 14. a5 Ng4 15. Bxg4 hxg4 16. g3 Rb8 17. Qe2 Rb4 18. Nd1 Be6 19. c3 Rxe4 20. Qxe4 Bd5 21. Re1 Bxe4+ 22. Rxe4 Qd6 23. Ne3 f5 24. Rea4 Qd3 0-1

[Event "Carnaval"]
[Site "Quebec CAN"]
[Date "2001.02.11"]
[Round "5"]
[White "Drolet, Stephane"]
[Black "Ouellet-Leveille, Clement"]
[Result "1-0"]
[WhiteElo "2011"]
[BlackElo "1897"]
[PlyCount "103"]
[GameId "2160767911610490"]
[EventDate "2001.02.09"]
[EventType "swiss"]
[EventRounds "5"]
[EventCountry "CAN"]
[SourceTitle "EXT 2005"]
[Source "ChessBase"]
[SourceDate "2004.11.15"]
[SourceVersion "1"]
[SourceVersionDate "2004.11.15"]
[SourceQuality "1"]

1. Nf3 Nf6 2. c4 e6 3. g3 d5 4. Bg2 c5 5. cxd5 Nxd5 6. O-O Be7 7. Nc3 O-O 8. d3 Bf6 9. Ne4 b6 10. Nxf6+ Qxf6 11. Ng5 Bb7 12. Be4 g6 13. Bg2 Nc6 14. Ne4 Qg7 15. Rb1 Rad8 16. Bd2 f6 17. Qc1 Qf7 18. Qc4 Ne5 19. Qa4 Bc6 20. Qc2 f5 21. Ng5 Qe8 22. Qb3 Ba4 23. Qa3 Bc6 24. Qxa7 Rd7 25. Qa3 Qe7 26. Qb3 Ra8 27. a3 Ba4 28. Qa2 Bc2 29. Rbc1 Ba4 30. Nf3 Nxf3+ 31. Bxf3 Raa7 32. Qc4 Nc7 33. Bc3 Nb5 34. Qf4 Nxc3 35. Rxc3 Bb5 36. Qb8+ Qd8 37. Qe5 Ba6 38. Qxe6+ Kf8 39. Qe5 Rg7 40. Rfc1 Rae7 41. Qf6+ Kg8 42. b4 Rgf7 43. Qg5 f4 44. bxc5 Rf5 45. Qh6 fxg3 46. hxg3 Qe8 47. cxb6 Rxf3 48. exf3 Re1+ 49. Kg2 Bb7 50. Rxe1 Qxe1 51. Rc7 Bxf3+ 52. Kxf3 1-0

[Event "Carnaval"]
[Site "Quebec CAN"]
[Date "2001.02.11"]
[Round "5"]
[White "Fortier, Marc-Andre"]
[Black "Audet-Bouchard, Nicolas"]
[Result "1-0"]
[WhiteElo "2129"]
[BlackElo "1923"]
[PlyCount "67"]
[GameId "2160767911610491"]
[EventDate "2001.02.09"]
[EventType "swiss"]
[EventRounds "5"]
[EventCountry "CAN"]
[SourceTitle "EXT 2005"]
[Source "ChessBase"]
[SourceDate "2004.11.15"]
[SourceVersion "1"]
[SourceVersionDate "2004.11.15"]
[SourceQuality "1"]

1. e4 c5 2. Nc3 Nc6 3. g3 g6 4. Bg2 Bg7 5. d3 e6 6. Be3 d6 7. f4 Nge7 8. Nf3 O-O 9. O-O b5 10. Qd2 Rb8 11. Nd1 Nd4 12. Nh4 f5 13. c3 Ndc6 14. exf5 exf5 15. Nf3 b4 16. d4 Ba6 17. Re1 bxc3 18. bxc3 Qa5 19. dxc5 dxc5 20. Qd6 Bxc3 21. Nxc3 Qxc3 22. Bxc5 Rf6 23. Qxb8+ Nxb8 24. Bd4 Qc6 25. Rxe7 Re6 26. Rg7+ Kf8 27. Ng5 Qd6 28. Nxe6+ Qxe6 29. Rxa7 Qd6 30. Rd1 Qb4 31. Bd5 Ke8 32. Bf7+ Kf8 33. a3 Qxa3 34. Re1 1-0

[Event "Carnaval"]
[Site "Quebec CAN"]
[Date "2001.02.11"]
[Round "5"]
[White "Gaspariants, Vladimir"]
[Black "Masse, Hugues"]
[Result "0-1"]
[WhiteElo "2225"]
[BlackElo "2044"]
[PlyCount "106"]
[GameId "2160767911610492"]
[EventDate "2001.02.09"]
[EventType "swiss"]
[EventRounds "5"]
[EventCountry "CAN"]
[SourceTitle "EXT 2005"]
[Source "ChessBase"]
[SourceDate "2004.11.15"]
[SourceVersion "1"]
[SourceVersionDate "2004.11.15"]
[SourceQuality "1"]

1. e4 c5 2. Nf3 d6 3. Bb5+ Bd7 4. Bxd7+ Qxd7 5. O-O Nc6 6. c3 Nf6 7. Qe2 e6 8. d4 cxd4 9. cxd4 d5 10. e5 Ne4 11. Nbd2 Nxd2 12. Bxd2 Be7 13. a3 O-O 14. Bc3 Rfc8 15. Ne1 Nd8 16. Nc2 b5 17. f4 a5 18. Rf3 Qb7 19. Be1 Nc6 20. f5 exf5 21. Rxf5 Nd8 22. Ne3 Ne6 23. Rd1 Bg5 24. Bf2 Bxe3 25. Bxe3 Rc4 26. Rdf1 Rf8 27. Qd3 b4 28. Rh5 g6 29. Rh3 bxa3 30. bxa3 Rfc8 31. Bd2 Qa7 32. Be3 Qb7 33. Rhf3 R8c7 34. Rb1 Qc6 35. h4 Rb7 36. Rxb7 Qxb7 37. Rf2 Qc8 38. Rf3 Qb7 39. Bf2 Qb2 40. h5 Qa1+ 41. Kh2 Ng5 42. Rf4 Rc1 43. hxg6 hxg6 44. e6 Nxe6 45. Rg4 Rh1+ 46. Kg3 Qc1 47. Qf3 Qc7+ 48. Rf4 g5 49. Be3 gxf4+ 50. Bxf4 Qxf4+ 51. Qxf4 Nxf4 52. Kxf4 Ra1 53. Ke5 Rxa3 0-1

[Event "DCC Autumn Swiss"]
[Site "Toronto CAN"]
[Date "2001.10.20"]
[Round "5"]
[White "Sviridovitch, Alina"]
[Black "Beaudry, Lukas"]
[Result "1-0"]
[WhiteElo "1819"]
[BlackElo "2010"]
[PlyCount "87"]
[GameId "2160767911485173"]
[EventDate "2001.09.22"]
[EventType "swiss"]
[EventRounds "5"]
[EventCountry "CAN"]
[SourceTitle "CFC 2001.12"]
[Source "CFC"]
[SourceDate "2001.12.??"]
[SourceVersionDate "2001.12.??"]
[SourceQuality "1"]

1. e4 c5 2. Nf3 d6 3. d4 cxd4 4. Nxd4 Nf6 5. Nc3 a6 6. Be3 e5 7. Nf3 Be6 8. Qd2 h6 9. h3 Be7 10. Be2 Nbd7 11. O-O b5 12. a3 Qc7 13. Ne1 g5 14. Nd3 Qb7 15. Rad1 Nb6 16. b3 Nbd7 17. f3 Rc8 18. Nb4 Qc7 19. Ncd5 Bxd5 20. Nxd5 Nxd5 21. exd5 Nc5 22. Rb1 Rg8 23. g4 f5 24. c4 f4 25. Bf2 Rb8 26. Rfc1 Qd7 27. b4 Nb7 28. c5 Nd8 29. Bd3 Nf7 30. Bf5 Qb7 31. Rc2 Rd8 32. Be6 Rh8 33. Rbc1 h5 34. Qd3 Rh6 35. Bxf7+ Kxf7 36. Qf5+ Ke8 37. cxd6 Rdxd6 38. Rc8+ Rd8 39. Rxd8+ Kxd8 40. Qxe5 hxg4 41. hxg4 Kd7 42. Bc5 Bxc5+ 43. bxc5 Kc8 44. Qe8+ 1-0

[Event "Dimanche 2001.01.07"]
[Site "Montreal CAN"]
[Date "2001.01.07"]
[Round "1"]
[White "Bolduc, Steve"]
[Black "Chagnon, Francois"]
[Result "1-0"]
[WhiteElo "2208"]
[BlackElo "1416"]
[PlyCount "93"]
[GameId "2160767911618889"]
[EventDate "2001.01.07"]
[EventType "swiss"]
[EventRounds "5"]
[EventCountry "CAN"]
[SourceTitle "hb 2011"]

1. d4 Nf6 2. Nf3 e6 3. Bg5 d5 4. Nbd2 Be7 5. e3 Nbd7 6. Bd3 a6 7. O-O c5 8. c3 b6 9. Ne5 Nxe5 10. dxe5 Nd7 11. Bxe7 Qxe7 12. f4 c4 13. Bc2 Nc5 14. Qg4 g6 15. e4 Bb7 16. f5 h5 17. Qe2 dxe4 18. fxg6 fxg6 19. Nxc4 O-O-O 20. Nxb6+ Kb8 21. Qe3 Nd3 22. Nc4 Qc5 23. Qxc5 Nxc5 24. Rf6 g5 25. Nd6 Bc8 26. Re1 Rhf8 27. Rxf8 Rxf8 28. Bxe4 Na4 29. Bc2 Nb6 30. Rf1 Rxf1+ 31. Kxf1 Nd7 32. Nf7 Kc7 33. b4 g4 34. Kf2 Nb6 35. Ke3 Nd5+ 36. Kd4 Nf4 37. g3 Ne2+ 38. Kc5 Nxc3 39. Bg6 Bb7 40. Bxh5 Ne4+ 41. Kd4 Nd2 42. Bxg4 Bd5 43. a4 Nf1 44. h4 Nxg3 45. h5 Nf5+ 46. Bxf5 exf5 47. Kxd5 1-0

[Event "Dimanche 2001.01.07"]
[Site "Montreal CAN"]
[Date "2001.01.14"]
[Round "2"]
[White "Martin, Daniel"]
[Black "Bolduc, Steve"]
[Result "0-1"]
[WhiteElo "1703"]
[BlackElo "2208"]
[PlyCount "112"]
[GameId "2160767911618890"]
[EventDate "2001.01.07"]
[EventType "swiss"]
[EventRounds "5"]
[EventCountry "CAN"]
[SourceTitle "hb 2011"]

1. e4 e6 2. d4 d5 3. e5 c5 4. c3 Nc6 5. Nf3 a5 6. Be2 a4 7. O-O Nge7 8. Bb5 Qa5 9. c4 dxc4 10. Bxc4 cxd4 11. Qe2 Ng6 12. Bb5 Bc5 13. Nbd2 O-O 14. Ne4 Be7 15. Bd2 Qb6 16. Bg5 Ra5 17. Bxe7 Ncxe7 18. Nd6 Nf5 19. Nxf5 exf5 20. Bc4 Be6 21. Rac1 Rd8 22. Rfd1 h6 23. g3 Bxc4 24. Rxc4 a3 25. bxa3 Rad5 26. Rb4 Qa7 27. e6 fxe6 28. Qxe6+ Kh7 29. Rdb1 R8d7 30. Rb6 Nf8 31. Qe8 Qxa3 32. Ne5 Qe7 33. Qxe7 Rxe7 34. Nd3 Ra5 35. R1b2 Ra3 36. R6b3 Rxb3 37. Rxb3 Ne6 38. Kf1 g5 39. f4 Kg6 40. Kf2 Rc7 41. Rb2 Kf6 42. Ke2 Re7 43. Kf2 Nd8 44. Nb4 Rd7 45. Nd3 Rd6 46. Nc5 Rc6 47. Nd3 Rc3 48. Ke2 Ke6 49. Kd2 Ra3 50. Nc5+ Kd5 51. Nxb7 Nxb7 52. Rxb7 Rxa2+ 53. Kd3 Ra3+ 54. Kd2 gxf4 55. gxf4 Ke4 56. Rd7 Rh3 0-1

[Event "Dimanche 2001.01.07"]
[Site "Montreal CAN"]
[Date "2001.01.21"]
[Round "3"]
[White "Bolduc, Steve"]
[Black "Amesse, Louis-Philippe"]
[Result "1-0"]
[WhiteElo "2208"]
[BlackElo "1435"]
[PlyCount "81"]
[GameId "2160767911618891"]
[EventDate "2001.01.07"]
[EventType "swiss"]
[EventRounds "5"]
[EventCountry "CAN"]
[SourceTitle "hb 2011"]

1. d4 g6 2. c4 Bg7 3. Nf3 d6 4. g3 Nf6 5. Bg2 O-O 6. O-O Nbd7 7. Nc3 Re8 8. e4 e5 9. h3 h6 10. Re1 Nh7 11. Be3 Nhf8 12. Qd2 Kh7 13. Rad1 Ne6 14. d5 Nef8 15. b4 Nf6 16. c5 g5 17. Rc1 Ng6 18. Nh2 Bd7 19. cxd6 cxd6 20. a4 g4 21. h4 Nh5 22. Nb5 Bxb5 23. axb5 Qd7 24. Qe2 Nf6 25. Rc3 h5 26. Rec1 Rec8 27. Nf1 b6 28. Rc6 Ne7 29. Bg5 Nxc6 30. bxc6 Qc7 31. b5 Ne8 32. Bd2 Qe7 33. Ne3 Qf8 34. Nf5 Bf6 35. f3 Ng7 36. Bh6 Qd8 37. Bxg7 Bxg7 38. fxg4 hxg4 39. Qxg4 Qf6 40. Qh5+ Qh6 41. Nxh6 1-0

[Event "Dimanche 2001.01.07"]
[Site "Montreal CAN"]
[Date "2001.01.28"]
[Round "4"]
[White "Brassard, Sylvain"]
[Black "Bolduc, Steve"]
[Result "0-1"]
[WhiteElo "1836"]
[BlackElo "2208"]
[PlyCount "48"]
[GameId "2160767911618892"]
[EventDate "2001.01.07"]
[EventType "swiss"]
[EventRounds "5"]
[EventCountry "CAN"]
[SourceTitle "hb 2011"]

1. d4 Nf6 2. Bg5 g6 3. Bxf6 exf6 4. Nf3 f5 5. e3 Bg7 6. c4 O-O 7. Bd3 c5 8. O-O Nc6 9. Qd2 cxd4 10. exd4 Nxd4 11. Nxd4 Bxd4 12. Nc3 Qa5 13. Rac1 d6 14. Bb1 Be5 15. f4 Bg7 16. Qxd6 Rd8 17. Qe7 Be6 18. Qxb7 Rab8 19. Qc6 Rxb2 20. Nd5 Qd2 21. Ne7+ Kf8 22. Nxf5 gxf5 23. Qc5+ Kg8 24. Qf2 Bd4 0-1

[Event "Dimanche 2001.01.07"]
[Site "Montreal CAN"]
[Date "2001.02.04"]
[Round "5"]
[White "Bolduc, Steve"]
[Black "Gadbois, Patrick"]
[Result "1/2-1/2"]
[WhiteElo "2208"]
[BlackElo "1812"]
[PlyCount "104"]
[GameId "2160767911618893"]
[EventDate "2001.01.07"]
[EventType "swiss"]
[EventRounds "5"]
[EventCountry "CAN"]
[SourceTitle "hb 2011"]

1. d4 Nf6 2. Nf3 d5 3. c4 e6 4. Nc3 c6 5. cxd5 exd5 6. Bg5 Be7 7. Qc2 Nbd7 8. e3 h6 9. Bh4 O-O 10. Bd3 Re8 11. O-O Ne4 12. Bg3 Nxg3 13. hxg3 Nf6 14. Rab1 Bd6 15. Rfe1 Bg4 16. Nh2 Bd7 17. b4 Rc8 18. Qb3 a6 19. a4 Ne4 20. Nxe4 dxe4 21. Bc4 Qf6 22. b5 axb5 23. axb5 c5 24. Red1 Be6 25. Bxe6 Qxe6 26. Qxe6 Rxe6 27. dxc5 Bxc5 28. Rd7 b6 29. Nf1 Ra8 30. Nd2 Ra2 31. Nb3 Rf6 32. Rd2 Rxd2 33. Nxd2 Re6 34. g4 g6 35. Kf1 f5 36. gxf5 gxf5 37. Ke2 Rg6 38. g3 Re6 39. Nb3 Re5 40. Rc1 Bf8 41. Nd4 Bc5 42. Nc6 Rd5 43. Rh1 Bf8 44. Nd4 Bg7 45. Rh5 Bxd4 46. exd4 Rxb5 47. Rxh6 Rb2+ 48. Ke3 Rb3+ 49. Ke2 Kg7 50. Rc6 b5 51. Rb6 b4 52. d5 Rd3 1/2-1/2

[Event "Easter op"]
[Site "Winnipeg CAN"]
[Date "2001.04.20"]
[Round "1"]
[White "Gentes, Kevin"]
[Black "Bays, Derek"]
[Result "1-0"]
[WhiteElo "2380"]
[BlackElo "1550"]
[PlyCount "49"]
[GameId "2160767911565059"]
[EventDate "2001.04.??"]
[EventType "swiss"]
[EventRounds "5"]
[EventCountry "CAN"]
[SourceTitle "EXT 2005"]
[Source "ChessBase"]
[SourceDate "2004.11.15"]
[SourceVersion "1"]
[SourceVersionDate "2004.11.15"]
[SourceQuality "1"]

1. d4 Nf6 2. c4 e6 3. g3 Be7 4. d5 d6 5. Nc3 O-O 6. Bg2 c5 7. Nf3 exd5 8. cxd5 Nbd7 9. O-O Nb6 10. a4 a5 11. h3 Bd7 12. e4 Qc8 13. Kh2 Re8 14. Re1 Nc4 15. b3 Ne5 16. Nxe5 dxe5 17. Ba3 Ra6 18. Rc1 Ng4+ 19. hxg4 Rh6+ 20. Kg1 Bxg4 21. Bf3 Bxf3 22. Qxf3 Qh3 23. Qg2 Bg5 24. Qxh3 Rxh3 25. Rc2 1-0

[Event "Easter op"]
[Site "Winnipeg CAN"]
[Date "2001.04.20"]
[Round "1"]
[White "Remillard, John"]
[Black "Pilotte, Rick"]
[Result "1-0"]
[WhiteElo "1595"]
[BlackElo "100"]
[PlyCount "47"]
[GameId "2160767911565060"]
[EventDate "2001.04.??"]
[EventType "swiss"]
[EventRounds "5"]
[EventCountry "CAN"]
[SourceTitle "EXT 2005"]
[Source "ChessBase"]
[SourceDate "2004.11.15"]
[SourceVersion "1"]
[SourceVersionDate "2004.11.15"]
[SourceQuality "1"]

1. b4 e5 2. Bb2 d6 3. g3 Nc6 4. b5 Na5 5. Bg2 a6 6. a4 Nc4 7. Bc3 axb5 8. d3 Nb6 9. axb5 Rxa1 10. Bxa1 Be6 11. Bxb7 Ne7 12. c4 Qb8 13. Bg2 g6 14. Nf3 Bg7 15. O-O O-O 16. Nc3 Bf6 17. Qc2 c6 18. Rb1 d5 19. bxc6 Nxc6 20. cxd5 Bxd5 21. Nxd5 Bd8 22. Qxc6 Qa7 23. Nxb6 Bxb6 24. Rxb6 1-0

[Event "Easter op"]
[Site "Winnipeg CAN"]
[Date "2001.04.21"]
[Round "2"]
[White "Bays, Derek"]
[Black "Martens, Peter"]
[Result "1-0"]
[WhiteElo "1550"]
[BlackElo "1197"]
[PlyCount "97"]
[GameId "2160767911565061"]
[EventDate "2001.04.??"]
[EventType "swiss"]
[EventRounds "5"]
[EventCountry "CAN"]
[SourceTitle "EXT 2005"]
[Source "ChessBase"]
[SourceDate "2004.11.15"]
[SourceVersion "1"]
[SourceVersionDate "2004.11.15"]
[SourceQuality "1"]

1. d4 d5 2. Nf3 Bf5 3. Nc3 Nc6 4. a3 e6 5. Bf4 Bd6 6. Bxd6 Qxd6 7. e3 a6 8. Be2 Bg4 9. O-O e5 10. Ng5 Bxe2 11. Qxe2 exd4 12. exd4+ Nge7 13. Qf3 O-O 14. Qd3 Ng6 15. Rae1 h6 16. Nf3 Nf4 17. Qd2 Ne6 18. Nd1 Na5 19. b3 Qxa3 20. Ne3 Ng5 21. Nxg5 hxg5 22. Nxd5 Rad8 23. Qxg5 f6 24. Nxf6+ Rxf6 25. Re4 Qb2 26. Rg4 Rd7 27. Qxf6 Qxc2 28. Qe6+ Rf7 29. Rf4 Qxb3 30. Qe8+ Kh7 31. Qxf7 Qxf7 32. Rxf7 b5 33. Rxc7 b4 34. d5 b3 35. d6 b2 36. d7 Nb3 37. d8=Q a5 38. Qd7 Kg6 39. Qxg7+ Kf5 40. Qxb2 a4 41. Qc2+ Ke5 42. Re1+ Kf6 43. Qc6+ Kf5 44. Qe4+ Kf6 45. Qf4+ Kg6 46. Rc6+ Kg7 47. Qf6+ Kg8 48. Re8+ Kh7 49. Rc7# 1-0

[Event "Easter op"]
[Site "Winnipeg CAN"]
[Date "2001.04.21"]
[Round "2"]
[White "Khedkar, Jay S"]
[Black "Remillard, John"]
[Result "1-0"]
[WhiteElo "1962"]
[BlackElo "1595"]
[PlyCount "32"]
[GameId "2160767911565062"]
[EventDate "2001.04.??"]
[EventType "swiss"]
[EventRounds "5"]
[EventCountry "CAN"]
[SourceTitle "EXT 2005"]
[Source "ChessBase"]
[SourceDate "2004.11.15"]
[SourceVersion "1"]
[SourceVersionDate "2004.11.15"]
[SourceQuality "1"]

1. e4 e5 2. f4 d5 3. exd5 Qxd5 4. Nc3 Qe6 5. Nf3 exf4+ 6. Kf2 Be7 7. Bb5+ Bd7 8. Re1 Qb6+ 9. d4 Bxb5 10. Bxf4 Nd7 11. Nd5 Qc6 12. Nxc7+ Kd8 13. Nxa8 Bd6 14. Ne5 Nxe5 15. dxe5 Qc5+ 16. Be3 Qc4 1-0

[Event "Easter op"]
[Site "Winnipeg CAN"]
[Date "2001.04.21"]
[Round "2"]
[White "Moffat, Ron"]
[Black "Barkman, Daniel"]
[Result "1-0"]
[WhiteElo "1694"]
[BlackElo "1595"]
[PlyCount "52"]
[GameId "2160767911565063"]
[EventDate "2001.04.??"]
[EventType "swiss"]
[EventRounds "5"]
[EventCountry "CAN"]
[SourceTitle "EXT 2005"]
[Source "ChessBase"]
[SourceDate "2004.11.15"]
[SourceVersion "1"]
[SourceVersionDate "2004.11.15"]
[SourceQuality "1"]

1. d4 Nf6 2. c4 g6 3. Nc3 d5 4. cxd5 Nxd5 5. e4 Nxc3 6. bxc3 Bg7 7. Bc4 c5 8. Ne2 Nc6 9. Be3 O-O 10. O-O Qc7 11. Rc1 Rd8 12. Qe1 Na5 13. Bd3 b6 14. f3 Bb7 15. Qh4 e6 16. Bg5 Rf8 17. Bf6 Qd7 18. f4 Nc6 19. f5 Rae8 20. Bxg7 Kxg7 21. f6+ Kh8 22. Qh6 Rg8 23. Rf4 g5 24. e5 Rg6 25. Bxg6 fxg6 26. f7 gxf4 1-0

[Event "Easter op"]
[Site "Winnipeg CAN"]
[Date "2001.04.21"]
[Round "2"]
[White "Pilotte, Rick"]
[Black "Bell, Dennis"]
[Result "0-1"]
[WhiteElo "100"]
[BlackElo "1559"]
[PlyCount "50"]
[GameId "2160767911565064"]
[EventDate "2001.04.??"]
[EventType "swiss"]
[EventRounds "5"]
[EventCountry "CAN"]
[SourceTitle "EXT 2005"]
[Source "ChessBase"]
[SourceDate "2004.11.15"]
[SourceVersion "1"]
[SourceVersionDate "2004.11.15"]
[SourceQuality "1"]

1. Nf3 Nf6 2. d3 d5 3. Nbd2 Bg4 4. b3 e6 5. Bb2 Bd6 6. g3 O-O 7. Bg2 Qe7 8. Nh4 c5 9. d4 Nbd7 10. Ndf3 Ne4 11. Nd2 Qf6 12. Nxe4 dxe4 13. Bxe4 Bh3 14. Bxb7 Rad8 15. Rb1 cxd4 16. Bxd4 Be5 17. Bxe5 Nxe5 18. Bg2 Rxd1+ 19. Rxd1 Bxg2 20. Nxg2 Ng4 21. f3 Qc3+ 22. Kf1 Ne3+ 23. Nxe3 Qxe3 24. Ke1 Re8 25. Rd2 Qc3 0-1

[Event "Easter op"]
[Site "Winnipeg CAN"]
[Date "2001.04.21"]
[Round "2"]
[White "Toews, Doug"]
[Black "Kernested, Gavin"]
[Result "1-0"]
[WhiteElo "100"]
[BlackElo "1335"]
[PlyCount "47"]
[GameId "2160767911565065"]
[EventDate "2001.04.??"]
[EventType "swiss"]
[EventRounds "5"]
[EventCountry "CAN"]
[SourceTitle "EXT 2005"]
[Source "ChessBase"]
[SourceDate "2004.11.15"]
[SourceVersion "1"]
[SourceVersionDate "2004.11.15"]
[SourceQuality "1"]

1. d4 d5 2. g3 Nc6 3. Bg2 Nf6 4. Nf3 e6 5. a3 Bd6 6. O-O Qe7 7. Qd3 Bd7 8. c4 dxc4 9. Qxc4 O-O 10. Bg5 e5 11. e3 exd4 12. exd4 h6 13. Bh4 g5 14. Nxg5 hxg5 15. Bxg5 Na5 16. Qc3 b6 17. Bxa8 Rxa8 18. Qf3 c6 19. Qxf6 Qe4 20. f3 Qd3 21. Nc3 Re8 22. Rfe1 Rxe1+ 23. Rxe1 Qxf3 24. Qxf3 1-0